000 nam a22 7a 4500
999 _c28503
_d28503
008 170308b xxu||||| |||| 00| 0 eng d
020 _a0395473144
050 _aLB 1025.2 .R93 1992
100 _aRyan, Kevin
245 _aThose who can Teach /
_cKevin Ryan and James M. cooper
250 _a6th ed.
260 _aBoston :
_bHoughton Mifflin ,
_c1992 .
300 _axix, 549p. :
_bill. ;
500 _aincludes appendix and index
700 _aCooper, James M.
942 _2lcc
_cBOOKS
_hLB 1025.2 .R93 1992